Itinéraire général de la France / (Record no. 156382)
[ view plain ]
| 000 -LEADER | |
|---|---|
| campo de control de longitud fija | 00938nam a2200229 i 4500 |
| 001 - NÚMERO DE CONTROL | |
| campo de control | 156382 |
| 003 - IDENTIFICADOR DE NÚMERO DE CONTROL | |
| campo de control | ES-MaACL |
| 005 - FECHA Y HORA DE LA ÚLTIMA TRANSACCIÓN | |
| campo de control | 20260201063016.0 |
| 008 - DATOS DE LONGITUD FIJA--INFORMACIÓN GENERAL | |
| campo de control de longitud fija | 970226s1862 fr a |||| | fre d |
| 040 ## - FUENTE DE CATALOGACIÓN | |
| Centro catalogador/agencia de origen | CLM |
| Lengua de catalogación | spa |
| Centro/agencia transcriptor | CCPB | SIC |
| 100 1# - ENTRADA PRINCIPAL--NOMBRE DE PERSONA | |
| Nombre de persona | Joanne, Adolphe, |
| Fechas asociadas al nombre | 1823-1881 |
| 9 (RLIN) | 66678 |
| 245 10 - MENCIÓN DEL TÍTULO | |
| Título | Itinéraire général de la France / |
| Mención de responsabilidad, etc. | par Adolphe Joanne. |
| 260 ## - PUBLICACIÓN, DISTRIBUCIÓN, ETC. | |
| Lugar de publicación, distribución, etc. | Paris : |
| Nombre del editor, distribuidor, etc. | Librairie de l' Hachette et Cie, |
| Fecha de publicación, distribución, etc. | 1862 ( |
| Fabricante | Imp. de Ch. Lahure et Cie) |
| 300 ## - DESCRIPCIÓN FÍSICA | |
| Extensión | LXXII, 767 p., [5] h. de map., [6] h. de map. pleg. : |
| Otras características físicas | il. ; |
| Dimensiones | 19 cm. |
| 490 1# - MENCIÓN DE SERIE | |
| Mención de serie | Collection desguides-Joanne |
| 505 8# - NOTA DE CONTENIDO CON FORMATO | |
| Nota de contenido con formato | Contiene : "Les Pyrénées et le réseau deschemins de fer du Midi et des Pyrénées" |
| 599 ## - NOTA A LAS ILUSTRACIONES | |
| NOTA A LAS ILUSTRACIONES | Il. xil. : "Gravé... par. Gerin, la lettre par P. Rousset" |
| 651 04 - PUNTO DE ACCESO ADICIONAL DE MATERIA--NOMBRE GEOGRÁFICO | |
| Nombre geográfico | Pirineos- |
| Subdivisión general | Descripción. |
| 9 (RLIN) | 9233 |
| 830 0# - PUNTO DE ACCESO ADICIONAL DE SERIE-TÍTULO UNIFORME | |
| Título uniforme | Collection desguides-Joanne |
| 9 (RLIN) | 221662 |
| 852 ## - LOCALIZACIÓN | |
| Ubicación | ES-MaACL |
| Número de control de estantería | C-3066 |
| Nota libre | -- Enc. tela |
| Estatus retirado | Estado de pérdida | Estado de daño | No para préstamo | Colección | Biblioteca de origen | Biblioteca actual | Ubicación en estantería | Fecha de adquisición | Fuente de adquisición | Total de préstamos | Signatura topográfica completa | Código de barras | Visto por última vez | Precio de reemplazo | Tipo de ítem Koha |
|---|---|---|---|---|---|---|---|---|---|---|---|---|---|---|---|
| Libros del s. XIX | Biblioteca del Ateneo de Madrid | Biblioteca del Ateneo de Madrid | Sala Palomar | 17/01/2008 | C-3066 | 1163610 | 23/02/2023 | 23/02/2023 | Libro impreso antiguo |
